Illinois : (Record no. 27752)
[ view plain ]
| 000 -LEADER | |
|---|---|
| fixed length control field | 01034cam a2200301 a 4500 |
| 001 - CONTROL NUMBER | |
| control field | 27752 |
| 003 - CONTROL NUMBER IDENTIFIER | |
| rucl marc code | BD-RjUL |
| 005 - DATE AND TIME OF LATEST TRANSACTION | |
| control field | 20211209051210.0 |
| 008 - FIXED-LENGTH DATA ELEMENTS--GENERAL INFORMATION | |
| fixed length control field | 140327s1986 coua b 001 0 eng d |
| 020 ## - INTERNATIONAL STANDARD BOOK NUMBER | |
| International Standard Book Number | 0865315221 |
| 035 ## - SYSTEM CONTROL NUMBER | |
| System control number | (OCoLC)ocm11469123 |
| -- | (BD-RjUL)27831 |
| 040 ## - CATALOGING SOURCE | |
| Original cataloging agency | DLC |
| Transcribing agency | DLC |
| Language of cataloging | eng |
| Modifying agency | BD-RjUL |
| 041 ## - LANGUAGE CODE | |
| Language code of text/sound track or separate title | eng |
| 082 00 - DEWEY DECIMAL CLASSIFICATION NUMBER | |
| Classification number | 977.3 |
| Edition number | 19 |
| Author mark and year | HOI 1986 |
| 100 1# - MAIN ENTRY--PERSONAL NAME | |
| Personal name | Horsley, A. Doyne. |
| 9 (RLIN) | 85186 |
| 245 10 - TITLE STATEMENT | |
| Title | Illinois : |
| Remainder of title | a geography / |
| Statement of responsibility, etc. | A. Doyne Horsley ; cartography by A. Doyne Horsley and Ruquiyah Islam ; map consultant: Daniel Irwin. |
| 260 ## - PUBLICATION, DISTRIBUTION, ETC. (IMPRINT) | |
| Place of publication, distribution, etc. | Boulder ; |
| -- | London : |
| Name of publisher, distributor, etc. | Westview Press, |
| Date of publication, distribution, etc. | 1986. |
| 300 ## - PHYSICAL DESCRIPTION | |
| Pagination | xvi, 218 p. : |
| Illustrations | ill. ; |
| Size | 26 cm. |
| 504 ## - BIBLIOGRAPHY, ETC. NOTE | |
| Bibliography, etc | Includes Bibliography: p. 204-205 and index. |
| 650 ## - SUBJECT ADDED ENTRY--TOPICAL TERM | |
| Topical term or geographic name as entry element | Illinois |
| General subdivision | Description and travel. |
| 9 (RLIN) | 85187 |
| 651 #0 - SUBJECT ADDED ENTRY--GEOGRAPHIC NAME | |
| Geographic name | Illinois |
| General subdivision | Description and travel. |
| 9 (RLIN) | 85188 |
| 700 1# - ADDED ENTRY--PERSONAL NAME | |
| Personal name | Islam, Ruquiyah. |
| Personal name | Irwin, Daniel. |
| 830 #0 - SERIES ADDED ENTRY--UNIFORM TITLE | |
| Uniform title | Geographies of the United States |
| 942 ## - ADDED ENTRY ELEMENTS (KOHA) | |
| Source of classification or shelving scheme | Dewey Decimal Classification |
| Koha item type | Books |
| Lost status | Source of classification or shelving scheme | Damaged status | Not for loan | Collection code | Permanent Location | Current Location | Shelving location | Date acquired | Source of acquisition | Cost, normal purchase price | Total Checkouts | Full call number | Date last seen | Copy number | Koha item type |
|---|---|---|---|---|---|---|---|---|---|---|---|---|---|---|---|
| Dewey Decimal Classification | Added to bundle | Non-fiction | Central Library, University of Rajshahi | Central Library, University of Rajshahi | Reading Room | 22/05/1989 | Gratis | 0.00 | 977.3 HOI 1986 | 27/03/2014 | C-1 | Books |